00978pam a2200265 i 4500001001400000003000400014005001700018008004100035015001400076020003800090040003400128082001400162100005000176245008100226246007000307264006000377300004500437336002100482337002500503338002300528600004300551650003500594650003700629651004600666vtls000797321PNM20191229110802.0160222s2016 my o g 000 0 may  aM16-04422 a9789671398203qpaperbackcRM22.00 aBNMbengcBNMdPNMdPPAKerda04a910.42230 aMohamad Jafri Ahmad,d1985-eauthor,eeditor.10aDARI MALAYA KE HIMALAYA /cMOHAMAD JAFRI AHMAD ; Editor: Mohamad Jafri Ahmad34aDari Malaya ke Himalaya :btravelog jelajah pergunungan Annapurna 1a[Kuala Rompin, Pahang] :bMOHAMAD JAFRI AHMAD,c[2016?] a133 pages :bcolour photographs ;c22 cm atext2rdacontent aunmediated2rdamedia avolume2rdacarrier04aMohamad Jafri Ahmad,d1985-vAnecdotes10aTravelers' writings, Malaysian20aMountaineeringzNepalzAnnapurna 0aAnnapurna (Nepal)xDescription and travel